000 nam a22 7a 4500
999 _c329875
_d329875
003 NUST
005 20170614132121.0
008 170526b xxu||||| |||| 00| 0 eng d
040 _cNUST
082 _a891.4393
_bQAZ
100 _aQazi, Peroz Bakht
_91460
245 _aJharoky /
_cby Peroz Bakht Qazi
260 _aLahore:
_bIdarah Takhleeq,
300 _a143 p.
500 _astories
546 _aIn urdu
650 _aShort Stories
_91396
880 _aجھروکے
_6245-02\(3\r
_cپیروز بخت قاضی
880 _aپیروز بخت قاضی
_6100-01\(3\r
880 _aلاہور:
_6260-03\(3\r
_bادارہ تخلیق،
942 _2ddc
_cBK